| Tag |
First Indicator |
Second Indicator |
Subfields |
| LEADER |
00000pam a2200000 a 4500 |
| 001 |
in00000654875 |
| 005 |
20151015073141.0 |
| 008 |
800616s1981 enk bs 00110 engm |
| 010 |
|
|
|a 80018461
|
| 020 |
|
|
|a 0521236185
|
| 020 |
|
|
|a 0521280753 (pbk.)
|
| 035 |
|
|
|a (OCoLC)06487264
|
| 035 |
|
|
|9 ACX1208AM
|
| 040 |
|
|
|a DLC
|c DLC
|d m.c.
|d TXA
|d UtOrBLW
|
| 049 |
|
|
|a TXAM
|c [1801688]
|
| 050 |
0 |
0 |
|a HQ1075
|b .S26
|
| 082 |
0 |
|
|a 305.3
|
| 100 |
1 |
|
|a Sanday, Peggy Reeves.
|
| 245 |
1 |
0 |
|a Female power and male dominance :
|b on the origins of sexual inequality /
|c Peggy Reeves Sanday.
|
| 264 |
|
1 |
|a Cambridge ;
|a New York, N.Y. :
|b Cambridge University Press,
|c 1981.
|
| 300 |
|
|
|a xvii, 295 pages ;
|c 24 cm.
|
| 336 |
|
|
|a text
|b txt
|2 rdacontent
|
| 337 |
|
|
|a unmediated
|b n
|2 rdamedia
|
| 338 |
|
|
|a volume
|b nc
|2 rdacarrier
|
| 500 |
|
|
|a Includes index.
|
| 504 |
|
|
|a Bibliography: pages 275-283.
|
| 650 |
|
0 |
|a Sex role.
|
| 650 |
|
0 |
|a Sexism.
|
| 650 |
|
0 |
|a Power (Social sciences)
|
| 650 |
|
0 |
|a Symbolism (Psychology)
|
| 650 |
|
0 |
|a Sex (Psychology)
|
| 650 |
|
0 |
|a Cross-cultural studies.
|
| 999 |
|
|
|a MARS
|
| 999 |
f |
f |
|s 3e8f20bb-5f52-368e-a6fd-1aee29125105
|i d81ca853-a68f-3934-9036-a551ff7fca08
|t 0
|
| 952 |
f |
f |
|p ric
|a Texas A&M University
|b Rellis Campus
|c Joint Library Facility
|d Remote Storage
|t 0
|e HQ1075 .S26
|h Library of Congress classification
|i unmediated -- volume
|m A14802976165
|
| 998 |
f |
f |
|a HQ1075 .S26
|t 0
|l Remote Storage
|